Manual de juicio ejecutivo / (Registro nro. 173512)
[ vista simple ]
| 000 -LEADER | |
|---|---|
| fixed length control field | 01084nam a22003371i 4500 |
| 001 - CONTROL NUMBER | |
| control field | bslw10114202 |
| 006 - FIXED-LENGTH DATA ELEMENTS--ADDITIONAL MATERIAL CHARACTERISTICS--GENERAL INFORMATION | |
| fixed length control field | m o d |
| 007 - PHYSICAL DESCRIPTION FIXED FIELD--GENERAL INFORMATION | |
| fixed length control field | cr un ---uuuua |
| 008 - FIXED-LENGTH DATA ELEMENTS--GENERAL INFORMATION | |
| fixed length control field | 240103s2022 cl o 000 0 spa d |
| 020 ## - INTERNATIONAL STANDARD BOOK NUMBER | |
| International Standard Book Number | 9789563670950 |
| 035 ## - | |
| -- | 41998 |
| 040 ## - CATALOGING SOURCE | |
| Original cataloging agency | UtOrBLW |
| Language of cataloging | eng |
| Description conventions | rda |
| Transcribing agency | UtOrBLW |
| 043 ## - | |
| -- | s-cl--- |
| 050 #4 - | |
| -- | KHF2665 |
| -- | .S68 2022 |
| 082 04 - | |
| -- | 347.83077 |
| -- | 23 |
| 100 1# - MAIN ENTRY--PERSONAL NAME | |
| Personal name | Soto Ramírez, Víctor, |
| Relator term | author. |
| 245 10 - TITLE STATEMENT | |
| Title | Manual de juicio ejecutivo / |
| Statement of responsibility, etc | Víctor Soto Ramírez ; prólogo, Elizabeth Sescovich Pequeño. |
| 250 ## - | |
| -- | 1a edición. |
| 264 #1 - | |
| -- | Santiago, Chile : |
| -- | Editorial El Jurista, |
| -- | 2022. |
| 300 ## - PHYSICAL DESCRIPTION | |
| Extent | 1 online resource (121 pages) |
| 336 ## - | |
| -- | text |
| -- | txt |
| -- | rdacontent |
| 337 ## - | |
| -- | computer |
| -- | c |
| -- | rdamedia |
| 338 ## - | |
| -- | online resource |
| -- | cr |
| -- | rdacarrier |
| 650 #0 - SUBJECT ADDED ENTRY--TOPICAL TERM | |
| Topical term or geographic name as entry element | Judgments |
| Geographic subdivision | Chile. |
| 650 #0 - SUBJECT ADDED ENTRY--TOPICAL TERM | |
| Topical term or geographic name as entry element | Judicial process |
| Geographic subdivision | Chile. |
| 650 #0 - SUBJECT ADDED ENTRY--TOPICAL TERM | |
| Topical term or geographic name as entry element | Civil procedure |
| Geographic subdivision | Chile. |
| 700 1# - ADDED ENTRY--PERSONAL NAME | |
| Personal name | Sescovich Pequeño, Elizabeth, |
| Relator term | writer of foreword. |
| 856 40 - LOCALIZACIÓN Y ACCESO ELECTRÓNICO | |
| Identificador Uniforme del Recurso (URI/URL) | https://app.vlex.com/#/sources/41998 |
| 942 ## - | |
| -- | RAA |
| 999 ## - | |
| -- | 173512 |
| -- | 173512 |
No hay ítems disponibles.